000 00726nam a22001937a 4500
003 0
005 20250116124540.0
008 160118b xxu||||| |||| 00| 0 eng d
050 _aPHS BS 535
_b.M379 2015
100 _a Martin, Alexandra C.
245 _aThe inerrancy and reliability of the biblical scriptures through historical truths
_cAlexandra C. Martin
260 _aLas PiƱas, Philippines :
_bSouthville International School and Colleges,
_c2015.
300 _aiii, 58 p. :
_bill. ;
_c28 cm.
504 _aIncludes bibliographical references.
650 _aBible
_vEvidences, authority, and reliability.
650 _aBiblical studies
_vHistorical truths.
650 _aInerrancy of the Bible.
942 _2lcc
_cPASS
999 _c290433
_d290433